Quizzes
Events
Quiz Creation
Community
Videos
Private Events
Remove Ads
Sign In
Join for FREE
Feedback
Dark Mode
Quiz Categories
Sports
Geography
Music
Movies
Television
Just For Fun
Miscellaneous
History
Literature
Language
Science
Gaming
Entertainment
Religion
Holiday
For Kids
Quiz Lab
Recent
Popular Today
Quiz Kudos Today
Editor Picks
Curator Picks
Quizzes by...
Day
Popularity
Type
Ratings
Length
Year
Community
Subscriptions
Recent Discussions
Orange Saloon
Badges
Playlists
Quests
Create
Leaderboards
Showdown
Live 5
Trivia Bingo
Activity
Puzzle Library
Sporcle Events
Private Events
Virtual Trivia
Globe League
Become a Host
Pub Owners
SporcleCon
Opinionation
Our Games
Videos
Blog
Mobile Apps
Partnerships
Remove Ads and Go Orange
Feedback
Language
Vocabulary
Begins and Ends
Definition
Spanish
French
German
Italian
Chinese
Latin
Translation
Japanese
Language
Vocabulary
Begins and Ends
Definition
Spanish
French
German
Italian
Chinese
Latin
Translation
Japanese
Random Quiz
Search Sporcle
×
Quiz Lab
Quiz Lab
Language
portuguese
Select answers by clicking on text or image buttons
Select answers by clicking on text or image buttons
Clickable
Best Score? Go Orange.
Social Media Communication Portuguese Stats
Can you pick the Social Communication Portuguese?
By
jfridge
10m
46 Questions
69 Plays
69 Plays
69 Plays
Comments
Comments
Give Quiz Kudos
Give Quiz Kudos
-
- Ratings
hide this ad
Forced Order
Answers have to be entered in order
Answers have to be entered in order
Random Order
Randomize order of answers
Randomize order of answers
Replay
Link that replays current quiz
Next Quiz
Link to next quiz in quiz playlist
You Got
0%
They Got
Avg Score
74%
Avg Friend Score
Upgrade to see
Score Distribution
Jump to the score distribution portion of the page
Score
0/46
Timer
10:00
0
Plays Today
% Correct
post card
92.8%
envelope
92.8%
telegram
89.9%
letter
88.4%
notification
87%
video
87%
package
85.5%
text message
85.5%
email address
85.5%
to chat
85.5%
blog
85.5%
homepage
84.1%
tweet
84.1%
album
84.1%
photo
84.1%
internet
82.6%
chatroom
81.2%
friendship
81.2%
website
78.3%
message
78.3%
channel
78.3%
mailman
76.8%
address
76.8%
% Correct
block
76.8%
profile
75.4%
adressee
72.5%
to access
72.5%
to share
72.5%
stamp
71%
follower
71%
email
69.6%
to poke
65.2%
to look for
65.2%
to download
65.2%
password
63.8%
to like
63.8%
to invite
63.8%
post office
62.3%
network
62.3%
to hide
62.3%
to send
58%
file
58%
to search
55.1%
to upload
52.2%
sender
50.7%
to write
40.6%
Quiz Playlist
Details
Report
Send in Message
Add To Playlist
Clickable:
Select answers by clicking on text or image buttons
Forced Order:
Answers have to be entered in order
Random Order:
Randomize order of answers
Last Updated: Feb 16, 2017
Quiz Scoreboard
CHALLENGE
Sign Up to Join the Scoreboard
Show All
Scores
Hide
Comments
May contain spoilers
Recently Published
Alphabetical 'K' Countries by Flag Minefield
by ylime102
Geography
3m
Pick 6: Fruits
by JohnFran
Miscellaneous
15s
Click the 1999 NBA Draft
by nibperrychub
Sports
2m
More to Explore
Quiz From the Vault
Featured Blog Post
15 Basketball Trivia Facts You Can Be March Mad About
hide this ad
You Might Also Like...
Tags
portuguese
Today's Top Quizzes in Language
Browse Language
hide this ad
Today's Top Quizzes in portuguese
Browse portuguese
Top Contributed Quizzes in Language
1
Spring or Fall
2
Spanish Seasons
3
Name the 4 Seasons in English
4
Multilingual Seasons
5
Seasonal Rhymes
6
Einsilbige Reime auf Chips
7
Spring or Fall?
8
Quick Pick: Prefixes for Spring
9
Quick Pick: Seasons in Esperanto
10
Guess the Word in 3 Words
Explore More
Trending Topics
Disney
NBA
Crossword
Marvel
Harry Potter
Kpop
Anime
WWE
Pokémon
NFL
Soccer
Country
The Office
Puzzle
Song
hide this ad
More By:
jfridge
Quiz
Plays
Rating
Category
Featured
Created
POR vs. PARA Portuguese
1,173
5.00
Language
Feb 5, 2013
Body Parts in Portuguese
723
4.00
Language
Jan 30, 2013
Subjunctive in Portuguese
260
5.00
Language
Dec 14, 2014
Meal vocabulary portuguese
106
Language
Jan 29, 2013
Food in Portuguese
105
5.00
Language
Jan 29, 2013
Go to Creator's Profile
Score Distribution
Quiz Creator Spotlight
jfridge
Follow
Send a Message
Quizzes Created
-
Created Quiz Play Count
-
More By This Creator
Popular Quizzes Today
1
Countries of Asia Without Outlines Minefield
2
Find the US States - No Outlines Minefield
3
Pick 6: Fruits
4
Alphabetical 'K' Countries by Flag Minefield
5
The Countries of the World
6
Find the US States
7
US States
8
Find the Countries of Europe - No Outlines Minefield
More Language Quizzes
'En' Time
Published
Trending Quizzes
Pick 6: Harry Potter
Pick 6: Mountains
Pick 6: NFL Teams
Pick 6: Flags
Pick 6: Movie Franchises
Recently Updated
NWSL Teams
pecheneg
Women's Final Four Teams by Year
bhenderson79
Presidents Quartet II
eogle
Anything But Clue(do)
eogle
Anything But Oceanian Capitals
eogle
Anything But 7
eogle
Anything But Thing
eogle
Word Ladder: February 29
pecheneg
Song Title Questions
pecheneg
Women's NCAA Tournament #1 Seeds
pecheneg
Trending Topics
Harry Potter
Disney
Marvel
Anime
NBA
Kpop
Crossword
Soccer
Song
NFL
Pokémon
The Office
Puzzle
Country
WWE
Your Account Isn't Verified!
In order to create a playlist on Sporcle, you need to verify the email address you used during registration. Go to your
Sporcle Settings
to finish the process.
Report this User
Report this user for behavior that violates our
Community Guidelines
.
Details:
Send Report
Go to the Sporcle.com Mobile Site →
Comments